NBA All-Time Leaders and Playoff Leaders Quiz - Statistics

General Stats
  • This quiz has been taken 81 times
  • The average score is 39 of 67
Answer Stats
Answer % Correct
LeBron James
98%
Michael Jordan
97%
Kareem Abdul-Jabbar
95%
Magic Johnson
95%
Wilt Chamberlain
95%
John Stockton
93%
Karl Malone
92%
Bill Russell
90%
Hakeem Olajuwon
90%
Kobe Bryant
90%
Moses Malone
90%
Dennis Johnson
89%
Shaquille O'Neal
87%
Tim Duncan
87%
Jerry West
85%
Dirk Nowitzki
84%
Chris Paul
80%
David Robinson
80%
Larry Bird
80%
Scottie Pippen
80%
Jason Kidd
79%
Steve Nash
79%
Dikembe Mutombo
75%
Kevin Durant
75%
Kevin Garnett
74%
Russell Westbrook
74%
Patrick Ewing
69%
Allen Iverson
67%
John Havlicek
64%
Alvin Robertson
62%
Dennis Rodman
62%
Oscar Robertson
62%
Dwyane Wade
61%
Carmelo Anthony
59%
Dwight Howard
59%
Charles Barkley
57%
Gary Payton
57%
Julius Erving
57%
Tony Parker
57%
Isiah Thomas
56%
Kevin McHale
56%
Robert Parish
52%
Wes Unseld
49%
Elvin Hayes
48%
Andre Miller
46%
Dominique Wilkins
46%
Manu Ginóbili
46%
Alonzo Mourning
43%
Clyde Drexler
41%
Elgin Baylor
41%
Rajon Rondo
41%
Ben Wallace
39%
Mark Eaton
38%
Mark Jackson
38%
Pau Gasol
36%
Maurice Cheeks
25%
Derek Fisher
23%
Robert Horry
20%
Nate Thurmond
18%
Derek Harper
15%
Rod Strickland
13%
Shawn Bradley
13%
Tree Rollins
13%
Marcus Camby
11%
Mookie Blaylock
11%
Serge Ibaka
11%
Walt Bellamy
11%
No matching quizzes found
Score Distribution
Percent of People with Each Score
Percentile by Number Answered
Your Score History
You have not taken this quiz